00729 a2200205 4500999001900000005001700019010001500036020003000051035001400081037001600095082000600111100002000117245004300137250000900180260004900189270010900238300002200347942002500369952012900394 c182915d18291520211209154230.0 aENG-130260 c275.00a978-93-88766-22-7 aEN-113792 bDBAD / PUB aN aJethwani, Aruna aThe Beautiful Balance:cAruna jethwani a2021 aNew Delhi bLiFi Publication Pvt. Ltd.c2021 a211, 2nd Floor, Gagandeep, 12 Rajendra PlacebNew Delhie110008k011 25741000minfo@lifipublications.com a174p.c20cm (pbk) adplcEN2ddchNmJET 001040708FICaBL4bBL4d2021-12-09eDBAD/PUBg275.00l8m2oN JETpEN-113792r2023-04-25 00:00:00s2023-04-12t275.00yEN